<?xml version="1.0" encoding="UTF-8"?><?xml-stylesheet type="text/xsl" href="static/style.xsl"?><OAI-PMH xmlns="http://www.openarchives.org/OAI/2.0/" xmlns:xsi="http://www.w3.org/2001/XMLSchema-instance" xsi:schemaLocation="http://www.openarchives.org/OAI/2.0/ http://www.openarchives.org/OAI/2.0/OAI-PMH.xsd"><responseDate>2026-04-13T01:35:58Z</responseDate><request verb="GetRecord" identifier="oai:www.recercat.cat:2072/471821" metadataPrefix="marc">https://recercat.cat/oai/request</request><GetRecord><record><header><identifier>oai:recercat.cat:2072/471821</identifier><datestamp>2024-11-04T06:50:17Z</datestamp><setSpec>com_2072_98</setSpec><setSpec>col_2072_378192</setSpec></header><metadata><record xmlns="http://www.loc.gov/MARC21/slim" xmlns:dcterms="http://purl.org/dc/terms/" xmlns:xsi="http://www.w3.org/2001/XMLSchema-instance" xmlns:doc="http://www.lyncode.com/xoai" xsi:schemaLocation="http://www.loc.gov/MARC21/slim http://www.loc.gov/standards/marcxml/schema/MARC21slim.xsd">
   <leader>00925njm 22002777a 4500</leader>
   <datafield ind2=" " ind1=" " tag="042">
      <subfield code="a">dc</subfield>
   </datafield>
   <datafield ind2=" " ind1=" " tag="720">
      <subfield code="a">Sánchez-Domínguez, Juan Pablo</subfield>
      <subfield code="e">author</subfield>
   </datafield>
   <datafield ind2=" " ind1=" " tag="720">
      <subfield code="a">Telumbre Terrero, Juan Yovani</subfield>
      <subfield code="e">author</subfield>
   </datafield>
   <datafield ind2=" " ind1=" " tag="720">
      <subfield code="a">Pozo Osorio, Merari Cristel</subfield>
      <subfield code="e">author</subfield>
   </datafield>
   <datafield ind2=" " ind1=" " tag="720">
      <subfield code="a">González Pérez, Shiray</subfield>
      <subfield code="e">author</subfield>
   </datafield>
   <datafield ind2=" " ind1=" " tag="260">
      <subfield code="c">2023</subfield>
   </datafield>
   <datafield ind2=" " ind1=" " tag="520">
      <subfield code="a">El objetivo del estudio fue determinar las relaciones entre Comprensión lectora (Cl), Estilos de aprendizaje (Ea) y Rendimiento académico (Ra). La población consistió en 48 universitarios de Psicología de una universidad mexicana, la distribución fue 36 (75 %) mujeres y 12 (25 %) hombres, con una edad promedio de 19.95 años. Se les aplicaron un cuestionario ad hoc para evaluar las características socioacadémicas, el Cuestionario de Honey y Alonso de Estilos de aprendizaje y el Instrumento de Comprensión lectora para alumnos universitarios. Para análisis de los datos se usó estadística descriptiva e inferencial mediante pruebas no paramétricas. Resultados, globalmente respecto a la Cl el grupo se ubica en la categoría "malo" y "regular" (47.9 %); predomina el nivel literal en la categoría "bueno" y un Ea predominantemente reflexivo (57.9 %). Se concluye que existe una relación positiva y significativa entre la Cl y el Ea reflexivo (rs = .323, p= .025) y el Ra (rs = .399, p= .005).</subfield>
   </datafield>
   <datafield ind2=" " ind1=" " tag="520">
      <subfield code="a">The objective of this study was to determine the relationships between Reading comprehension (Rc), Learning styles (Ls) and Academic Performance (Ap). The population consisted of 48 undergraduate students in Psychology from a Mexican university, the distribution was 36 (75%) women and 12 (25%) men, with an average age of 19.95 years. An ad hoc questionnaire was applied to them to evaluate the socio-academic characteristics, the Honey and Alonso Questionnaire of Learning Styles and the Reading comprehension Instrument for College students. Descriptive and inferential statistics were used for data analysis through non-parametric tests. From the results, globally in terms of Ls the group is located in the category "bad" and "regular" (47.9%); the literal level predominates in the "good" category and a predominantly reflective Ls (57.9%). It is concluded that there is a positive and significant relationship between Rc, the reflective Ls (rs = .323, p= .025) and Ap (rs = .399, P= .005).</subfield>
   </datafield>
   <datafield ind1="8" ind2=" " tag="024">
      <subfield code="a">http://hdl.handle.net/2072/471821</subfield>
   </datafield>
   <datafield tag="653" ind2=" " ind1=" ">
      <subfield code="a">Students in health occupations</subfield>
   </datafield>
   <datafield tag="653" ind2=" " ind1=" ">
      <subfield code="a">Learning</subfield>
   </datafield>
   <datafield tag="653" ind2=" " ind1=" ">
      <subfield code="a">Reading comprehension</subfield>
   </datafield>
   <datafield tag="653" ind2=" " ind1=" ">
      <subfield code="a">Academic performance</subfield>
   </datafield>
   <datafield tag="653" ind2=" " ind1=" ">
      <subfield code="a">Estudiantes del área de la salud</subfield>
   </datafield>
   <datafield tag="653" ind2=" " ind1=" ">
      <subfield code="a">Aprendizaje</subfield>
   </datafield>
   <datafield tag="653" ind2=" " ind1=" ">
      <subfield code="a">Comprensión de lectura</subfield>
   </datafield>
   <datafield tag="653" ind2=" " ind1=" ">
      <subfield code="a">Rendimiento académico</subfield>
   </datafield>
   <datafield ind2="0" ind1="0" tag="245">
      <subfield code="a">Comprensión lectora, estilos de aprendizaje y rendimiento académico en universitarios</subfield>
   </datafield>
</record></metadata></record></GetRecord></OAI-PMH>